LotR: Movie Quotes - Statistics

General Stats
  • This quiz has been taken 142 times
  • The average score is 15 of 27
Answer Stats
Hint Answer % Correct
There is only one Lord of the Ring, only One who can bend it to his will. And he does not share power! Gandalf
89%
May it be a light to you in dark places, when all other lights go out. Galadriel
88%
Everyone knows I'm the tall one. You're the short one. Merry
79%
Gondor is lost; there is no hope for men. Denethor
71%
Lasto beth nîn, tolo dan nan galad. Elrond
67%
The Shire must truly be a great realm, Master Gamgee......where gardeners are held in high honor. Faramir
67%
I don't want to be in a battle. But waiting on the edge of one I can't escape is even worse. Pippin
66%
Your friends are with you, Aragorn. Legolas
65%
I thought maybe if we was havinga roast chicken one night or something. Sam
64%
I am steward of the house of Anarion. Thus have I walked, and thus now I will sleep. Denethor
63%
Tell the women and children to make for the mountain pass. And barricade the entrance! Aragorn
61%
Gandalf does not hesitate to sacrifice those who are closest to him, those he professes to love! Saruman
60%
They fight beside you because they would not be parted from you. Because they love you. Eowyn
58%
You have a stout heart little hobbit; but that will not save you. Aragorn
55%
And we forgot the taste of bread, the sound of trees and the softness of the wind. Smeagol
54%
She said to me, even now, there is hope left, but I cannot see it. It is long since we had any hope. Boromir
53%
Get your men out of there! Theoden
48%
What a tragedy for the king to lose his only son and heir. Grima
46%
Aiya Earendil, elenion ancalima! Frodo
42%
A time may come for valor without renown. Who then will your people look to in the last defense? Aragorn
41%
Gandalf's death was not in vain. Nor would he have you give up hope. Boromir
38%
Who would have thought one so small could endure so much pain? Mouth of Sauron
37%
Why do you linger here when there is no hope? Elrond
36%
There is light and beauty up there that no shadow can touch. Sam
34%
Beneath the roof of sleeping leaves, and the dreams of trees unfold,When woodland halls are green and cool, and the wind is in the West. Come back to me, come back to me, And say my land is best. Treebeard
34%
The City has fallen silent. There is no warmth left in the sun. Eowyn
25%
I will not be held prisoner here! Saruman
13%
No matching quizzes found
Score Distribution
Percent of People with Each Score
Percentile by Number Answered
Your Score History
You have not taken this quiz